[Event "WLS-chT U1850"]
[Site "Wales"]
[Date "2023.05.07"]
[Round "4"]
[White "Choo Yin, Kam"]
[Black "Davies, Aaron"]
[Result "1-0"]
[WhiteElo "1661"]
[BlackElo "1100"]
[PlyCount "95"]
[EventDate "2023.02.19"]
[EventType "team-tourn"]
[EventRounds "5"]
[EventCountry "WLS"]
[SourceTitle "EXT 2024"]
[Source "ChessBase"]
[SourceDate "2023.10.10"]
[SourceVersion "1"]
[SourceVersionDate "2023.10.10"]
[SourceQuality "1"]
[WhiteTeam "Panthers and Friends"]
[BlackTeam "White Knights II"]
[WhiteTeamCountry "WLS"]
[BlackTeamCountry "WLS"]

1. c4 g6 2. Nc3 Bg7 3. g3 Nf6 4. Bg2 d6 5. d4 c5 6. dxc5 0-0 7. cxd6 exd6 8. Nf3 Nc6 9. 0-0 Be6 10. Nd5 Qa5 11. Ng5 h6 12. Nxe6 fxe6 13. Nxf6+ Rxf6 14. Bxc6 bxc6 15. Qxd6 e5 16. Qe7 Raf8 17. Be3 R8f7 18. Qe8+ Kh7 19. Qc8 Rc7 20. Qh3 e4 21. Bd4 Rd6 22. Bxg7 Kxg7 23. Qg4 Rd4 24. b3 Rcd7 25. e3 h5 26. Qe6 Rd2 27. Qxe4 R7d6 28. a3 Qc3 29. b4 Qd3 30. Qe7+ Kh6 31. c5 Rd7 32. Qf8+ Kh7 33. Qf6 Qe4 34. Rfe1 Qd5 35. e4 Rf7 36. exd5 Rxf6 37. Rf1 Rxd5 38. Rad1 Rff5 39. Rfe1 Kh6 40. Rxd5 Rxd5 41. Re6 Kg5 42. Rxc6 Kg4 43. Kg2 g5 44. Rd6 Re5 45. c6 Re2 46. Rf6 h4 47. h3+ Kh5 48. g4# 1-0